| 000 | 00442nam a2200145Ia 4500 | ||
|---|---|---|---|
| 003 | GCL | ||
| 008 | 140319s9999 xx 000 0 ara d | ||
| 040 |
_aGCL / _cGCL |
||
| 082 | 0 | 4 |
_a953.074 _bو ت |
| 245 | 1 | 0 | _aتاريخ اليمن المسمى فرجة الهموم والحزن فى حوادث تاريخ اليمن |
| 300 | _a400 ص | ||
| 490 | _a | ||
| 650 | 0 | 4 | _aاليمن - تاريخ - العصر الاسلامى |
| 942 |
_2ddc _cBK |
||
| 999 |
_c37990 _d37990 |
||